Statistics for 2017/18 Top 10 Wingers in the World

Click here to take the quiz!

General Stats

  • This quiz has been taken 20 times
  • The average score is 7 of 10

Answer Stats

RankPlayer% Correct
1Cristiano Ronaldo
94%
2Lionel Messi
88%
3Neymar
88%
4Gareth Bale
82%
6Eden Hazard
76%
9Arjen Robben
65%
5Alexis Sanchez
59%
8Marco Reus
53%
10Angel Di Maria
47%
7James Rodriguez
18%

Score Distribution

Percentile by Number Answered

Percent of People with Each Score

Your Score History

You have not taken this quiz